[Event "Mentese GM 2019"]
[Site "Mentese"]
[Date "2019.06.27"]
[Round "7.3"]
[White "Atakisi, Umut"]
[Black "Simantsev, Mikhail"]
[Result "1/2-1/2"]
[WhiteElo "2388"]
[BlackElo "2371"]
[Annotator "TA"]
[PlyCount "60"]
[EventDate "2019.06.24"]
[EventType "schev"]
[EventCountry "TUR"]
[SourceTitle "playchess.com"]
[Source "ChessBase"]
[SourceQuality "1"]

{[%evp 15,60,10,11,10,4,11,7,6,16,0,13,0,22,22,43,25,32,8,4,0,0,0,0,-10,18,18,13,-9,-7,-10,0,0,1,0,0,-9,0,0,0,0,0,0,0,-8,0,-8,-2]} 1. Nf3 Nf6 2. g3 b6 3. Bg2 Bb7 4. c4 e6 5. O-O Be7 6. Nc3 O-O 7. d4 Ne4 8. Bd2 d5 9. Qc2 {E18: Queen's Indian: Old Main Line (4 g3 Bb7 5 Bg2 Be7 6 0-0 0-0 7 Nc3)} (9. cxd5 exd5 10. Rc1 Nd7 11. Bf4 c6 12. h4 Ndf6 13. Ne5 c5 14. dxc5 Bxc5 15. Nd3 Be7 16. Nb5 a6 17. Nd4 Rc8 18. Rxc8 Qxc8 19. Qb3 {0-1 (52) Sarana,A (2618)-Korobov,A (2698) St Petersburg 2018}) 9... Nxd2 10. Nxd2 c6 11. Rad1 Nd7 12. Rfe1 $146 ({Predecessor:} 12. e4 Nf6 13. e5 Ne8 14. cxd5 cxd5 15. f4 g6 16. Rc1 Ng7 17. Nf3 Ba6 18. Rfd1 Qd7 19. Qd2 Rac8 20. Rc2 Rc7 21. Rdc1 Rfc8 {½-½ (21) Keuter,K (2258)-Kaesshoefer,K GER corr 1998}) 12... Nf6 13. e4 Rc8 14. e5 Nd7 15. Qb3 Qc7 16. cxd5 cxd5 {The position is equal.} 17. Bf1 a6 18. Rc1 {next Nxd5 is good for White.} Qb8 19. Rc2 Rc7 20. Rec1 Rfc8 21. Nd1 (21. a4 {keeps more tension.} Rc6 22. Bd3 R8c7 23. Nf3 Qd8 24. h4) 21... Rxc2 22. Rxc2 Rxc2 23. Qxc2 Qc8 24. Qxc8+ Bxc8 25. Bd3 h5 26. h4 Kf8 27. f4 g6 28. Kf2 Ke8 29. Nf3 b5 30. Ne3 Nb8 {Accuracy: White = 58%, Black = 53%.} 1/2-1/2

[Event "Mentese GM 2019"]
[Site "Mentese"]
[Date "2019.06.27"]
[Round "7.4"]
[White "Sibashvili, Giorgi"]
[Black "Sevdimaliyev, Urfan"]
[Result "1-0"]
[WhiteElo "2368"]
[BlackElo "2362"]
[Annotator "TA"]
[PlyCount "101"]
[EventDate "2019.06.24"]
[EventType "schev"]
[EventCountry "TUR"]
[SourceTitle "playchess.com"]
[Source "ChessBase"]
[SourceQuality "1"]

{[%evp 16,101,0,0,0,0,0,3,10,0,0,0,0,0,0,0,0,0,8,0,13,15,20,6,18,18,32,18,62,61,62,70,82,34,34,13,113,18,116,105,112,116,112,4,6,7,61,4,38,29,39,37,108,109,109,59,56,0,108,116,116,116,116,114,116,92,105,97,117,18,57,0,116,112,124,115,150,125,126,141,197,109,110,106,220,216,757,738]} 1. c4 e6 2. Nf3 d5 3. g3 Nf6 4. Bg2 dxc4 5. Qa4+ Nbd7 6. Qxc4 c5 7. O-O b6 8. d4 Bb7 9. Nc3 Rc8 {E03: Open Catalan: 5 Qa4+ Nbd7 6 Qxc4} 10. Rd1 (10. Qd3 cxd4 11. Nxd4 Bxg2 12. Kxg2 Bb4 13. Ndb5 a6 14. Nd6+ Bxd6 15. Qxd6 Qe7 16. Qd3 b5 17. Bf4 {0-1 (56) Grischuk,A (2774)-Eljanov,P (2717) Baku 2015}) 10... cxd4 11. Qxd4 Bc5 {The position is equal.} 12. Qh4 O-O 13. Bg5 Qe8 14. Rac1 $146 {[%cal Ba1c1,Bc1d1,Bd1d7][%mdl 32]} ({Predecessor:} 14. e4 e5 15. Bh3 Rc6 16. Nd5 h6 17. Bf5 hxg5 18. Nxg5 {1-0 (18) Diaz Arboleda,D (2126)-Acevedo,J (2068) Cali 2014}) 14... h6 {And now ...Bxf3 would win.} 15. Bxf6 Nxf6 16. Ne5 Bxg2 17. Kxg2 Rd8 18. Qa4 Rxd1 19. Rxd1 Qa8+ 20. Qc6 Qb8 21. Nd7 Nxd7 22. Rxd7 Rd8 23. Rb7 $36 {[%mdl 2048] White has the initiative.} Qa8 24. Qc7 Rf8 25. Ne4 a5 (25... Bd4 $11) 26. Qc6 (26. Nxc5 $16 bxc5 27. a4) 26... Rc8 (26... Rb8 $11 27. Rc7 (27. Nxc5 bxc5 28. Rxb8+ Qxb8 $14) 27... Qxc6 28. Rxc6 Be7) 27. Qd7 $16 Rf8 28. Nxc5 bxc5 {[%mdl 4096] Endgame KQR-KQR} 29. e4 (29. a4 $16) 29... a4 $11 30. a3 Qa5 (30... Kh7 $11) 31. Rb5 (31. Qc6 $14) 31... Qe1 32. Qd3 Rc8 33. Rb7 c4 {[#]} (33... Rf8 $14) 34. Qf3 $1 $16 {[%cal Rf3f7]} Rf8 35. Rb4 Rd8 $1 36. Rb7 ({Not} 36. Rxa4 $2 Rd1 $19) ({White should try} 36. Rxc4 $14 Rd2 37. Rc8+ (37. Rxa4 Rd1 $11) 37... Kh7 38. Qxf7 Qxe4+ 39. Kh3) 36... Rf8 {[#]} (36... f5 $11 {remains equal.} 37. Qe3 (37. exf5 Rd1 $11) 37... Qxe3 38. fxe3 fxe4) 37. Rc7 $1 Qb1 38. Rxc4 Qxb2 39. Rxa4 Qb5 40. Ra7 Qb6 41. Rd7 Qa5 42. Qd3 ({White should play} 42. Qb3 $16) 42... Ra8 $1 $11 43. Qf3 (43. e5 $14) 43... Rf8 $16 44. Qb3 g6 45. a4 Ra8 46. Qb7 Rf8 47. Qc6 Ra8 (47... Kg7 $16 {was necessary.} 48. Qxe6 Qxa4) 48. Rd4 (48. h4 $18) 48... Kg7 49. Qb5 Qc7 (49... g5 $16 {is a better defense.} 50. Rb4 Kg6 51. Qxa5 Rxa5) 50. Rd7 $18 Qc3 $2 {[#]} (50... Qa5 51. Qb2+ Kg8) 51. Rxf7+ $1 {[%mdl 512] Accuracy: White = 49%, Black = 38%.} 1-0

[Event "Mentese GM 2019"]
[Site "Mentese"]
[Date "2019.06.27"]
[Round "7.5"]
[White "Alumert, Orkun Efe"]
[Black "Maghalashvili, Davit"]
[Result "0-1"]
[WhiteElo "2008"]
[BlackElo "2500"]
[Annotator "TA"]
[PlyCount "82"]
[EventDate "2019.06.24"]
[EventType "schev"]
[EventCountry "TUR"]
[SourceTitle "playchess.com"]
[Source "ChessBase"]
[SourceQuality "1"]

{[%evp 9,92,0,24,19,32,12,11,6,4,0,-4,-6,19,20,37,33,26,29,33,24,59,51,45,9,21,14,48,40,60,63,56,52,66,50,79,79,70,0,0,0,72,0,0,0,104,101,208,146,204,204,209,205,204,200,194,207,195,159,144,13,12,15,20,-40,-40,-40,-40,-40,-40,-40,-40,-40,-40,-40,-40,-138,-47,-2608,-2331,-2165,-1847,-1931,-1981,-29976,-29977]} 1. e4 c5 2. Nf3 e6 3. b3 b6 4. Bb2 Bb7 5. Nc3 Nf6 (5... a6 6. d4 cxd4 7. Nxd4 Qc7 8. Qd2 Nf6 9. f3 Nc6 10. Nxc6 dxc6 11. O-O-O Be7 12. Bd3 b5 13. e5 Nd7 14. Ne4 Nxe5 15. Qc3 {1-0 (35) So,W (2780)-Vallejo Pons,F (2707) Leon 2018}) 6. e5 {B40: Sicilian: 2...e6, Unusual lines} Nd5 7. g3 (7. Ne4 {seems wilder.} Nc6 8. c4 Nf4 9. g3 Ng6 10. Bg2) 7... Be7 8. Bg2 {The position is equal.} Nxc3 9. Bxc3 O-O 10. O-O f6 11. d4 Qc7 12. dxc5 $146 ({Predecessor:} 12. Re1 cxd4 13. Bxd4 {0-1 (61) Chekmareva,L (2131)-Schneider,V (2248) Moscow 2017}) 12... bxc5 13. Re1 Nc6 14. Qd2 Nb4 15. a3 Nd5 16. Ba5 Nb6 17. c4 Rad8 18. Rad1 Bxf3 19. Bxf3 fxe5 20. Bg4 Rf6 21. Bc3 {[%mdl 1024] White has compensation.} d6 22. f4 {[%cal Rf4e5]} Rg6 23. Bh5 Rh6 $1 {[%cal Rh6h5]} 24. Bg4 $36 {[%mdl 2048] White has the initiative.} Rg6 $1 {[%cal Rg6g4]} 25. Bh5 (25. Bh3 $16) 25... Rh6 $1 $11 {[%cal Rh6h5]} 26. Bg4 {[%cal Rf4e5]} Qb8 (26... Rg6 $1 $11 {remains equal.} 27. Qe2 Nd7) 27. fxe5 $16 dxe5 (27... d5 $16 {is a better defense.}) 28. Qg2 Rg6 (28... Rxd1 $16 29. Rxd1 (29. Bxd1 Nd7 $16) 29... Qc7) 29. Bxe5 $18 Rxd1 30. Bxd1 ({But not} 30. Bxb8 $6 Rxe1+ 31. Kf2 Rb1 $16) 30... Bd6 {[#]} 31. Qc6 $1 {[%cal Rc6d6]} Bxe5 {[#]} 32. Rxe5 $1 {[%mdl 576] Double Attack} Qd8 (32... Qxe5 33. Qe8#) 33. Bh5 Rf6 ({Wrong is} 33... Qd4+ $2 {[#]} 34. Kg2 $1 {[%mdl 512]}) 34. Qe8+ ({Better is} 34. Kg2 $16) 34... Qxe8 $11 35. Bxe8 {[%mdl 4096] Endgame KRB-KRN} Rf3 36. Ba4 ({White should play} 36. Rxc5 $11 Rxb3 37. Rc7) 36... Nxa4 $15 37. bxa4 Rxa3 38. Rxc5 Rxa4 {KR-KR} 39. Rc7 Ra2 40. h4 a5 41. c5 a4 {Played: Ra2-c2} 0-1

[Event "Mentese GM 2019"]
[Site "Mentese"]
[Date "2019.06.27"]
[Round "8.1"]
[White "Odeev, Handszar"]
[Black "Annaberdiev, Meilis"]
[Result "0-1"]
[WhiteElo "2386"]
[BlackElo "2532"]
[Annotator "ChessBase"]
[PlyCount "108"]
[EventDate "2019.06.24"]
[EventType "schev"]
[EventCountry "TUR"]
[SourceTitle "playchess.com"]
[Source "ChessBase"]
[SourceQuality "1"]
[TimeControl "5400+30"]

1. e4 {[%emt 0:05:30]} c5 {[%emt 0:00:30]} 2. Nf3 {[%emt 0:00:30]} e6 {[%emt 0:00:30]} 3. d4 {[%emt 0:00:30]} cxd4 {[%emt 0:00:00]} 4. Nxd4 {[%emt 0:00:00]} a6 {[%emt 0:00:00]} 5. Nc3 {[%emt 0:00:00]} Qc7 {[%emt 0:00:30]} 6. Be2 {[%emt 0:00:30]} Nf6 {[%emt 0:02:30]} 7. O-O {[%emt 0:00:30]} d6 {[%emt 0:00:00]} 8. Be3 {[%emt 0:00:30]} b5 {[%emt 0:02:00]} 9. a3 {[%emt 0:08:30]} Bb7 {[%emt 0:00:30]} 10. f3 {[%emt 0:01:30]} Nbd7 {[%emt 0:00:30]} 11. Qd2 {[%emt 0:04:30]} Be7 {[%emt 0:00:30]} 12. g4 {[%emt 0:07:30]} h6 {[%emt 0:03:30]} 13. Rf2 {[%emt 0:01:30]} Rc8 {[%emt 0:05:30]} 14. a4 {[%emt 0:12:30]} b4 {[%emt 0:04:30]} 15. Na2 {[%emt 0:00:30]} d5 {[%emt 0:00:30]} 16. Nxb4 {[%emt 0:06:30]} Bxb4 {[%emt 0:00:30]} 17. Qxb4 {[%emt 0:00:30]} dxe4 {[%emt 0:00:30]} 18. f4 {[%emt 0:00:30]} Nd5 {[%emt 0:00:00]} 19. Qa3 {[%emt 0:00:30]} Nxe3 {[%emt 0:02:00]} 20. Qxe3 {[%emt 0:00:30]} O-O {[%emt 0:00:00]} 21. c4 {[%emt 0:00:30]} e5 {[%emt 0:02:00]} 22. Nf5 {[%emt 0:03:30]} exf4 {[%emt 0:01:30]} 23. Rxf4 {[%emt 0:10:30]} Ne5 {[%emt 0:00:00]} 24. Rd1 {[%emt 0:04:30]} Rcd8 {[%emt 0:00:00]} 25. Rff1 {[%emt 0:01:30]} Nf3+ {[%emt 0:10:30]} 26. Bxf3 {[%emt 0:00:30]} exf3 {[%emt 0:00:30]} 27. c5 {[%emt 0:10:31]} Rfe8 {[%emt 0:12:30]} 28. Rxd8 {[%emt 0:01:27]} Qxd8 {[%emt 0:00:00]} 29. Qd4 {[%emt 0:00:31]} Qg5 {[%emt 0:04:00]} 30. h4 {[%emt 0:15:08]} Qg6 {[%emt 0:00:30]} 31. Qf4 {[%emt 0:01:29]} Qc6 {[%emt 0:01:30]} 32. Kh2 {[%emt 0:02:17]} Qxc5 {[%emt 0:00:30]} 33. Kg3 {[%emt 0:00:23]} Qc2 {[%emt 0:01:30]} 34. Rf2 {[%emt 0:00:25]} Qd1 {[%emt 0:01:30]} 35. Qd4 {[%emt 0:00:37]} Qxd4 {[%emt 0:03:30]} 36. Nxd4 {[%emt 0:00:02]} Re3 {[%emt 0:00:00]} 37. Rd2 {[%emt 0:01:06]} Re1 {[%emt 0:02:00]} 38. Kf2 {[%emt 0:00:21]} Re4 {[%emt 0:00:30]} 39. Kg3 {[%emt 0:00:32]} f2 {[%emt 0:00:00]} 40. Kxf2 {[%emt 0:00:31]} Rxg4 {[%emt 0:00:00]} 41. h5 {[%emt 0:00:37]} Rh4 {[%emt 0:00:30]} 42. b3 {[%emt 0:00:24]} Rxh5 {[%emt 0:00:00]} 43. Kg3 {[%emt 0:00:21]} Rd5 {[%emt 0:01:00]} 44. b4 {[%emt 0:00:38]} h5 {[%emt 0:00:00]} 45. Kf4 {[%emt 0:00:36]} g5+ {[%emt 0:00:00]} 46. Ke3 {[%emt 0:00:05]} Re5+ {[%emt 0:00:30]} 47. Kf2 {[%emt 0:00:09]} h4 {[%emt 0:00:30]} 48. Ne2 {[%emt 0:01:08]} Bc6 {[%emt 0:00:30]} 49. a5 {[%emt 0:00:35]} g4 {[%emt 0:00:30]} 50. Nd4 {[%emt 0:00:36]} g3+ {[%emt 0:00:30]} 51. Kf1 {[%emt 0:00:26]} g2+ {[%emt 0:00:30]} 52. Rxg2+ {[%emt 0:00:32]} Bxg2+ {[%emt 0:00:00]} 53. Kxg2 {[%emt 0:00:03]} Re4 {[%emt 0:00:00]} 54. Nc6 {[%emt 0:00:41]} Kg7 {[%emt 0:00:30]} 0-1

[Event "Mentese GM 2019"]
[Site "Mentese"]
[Date "2019.06.27"]
[Round "8.2"]
[White "Simantsev, Mikhail"]
[Black "Ozen, Deniz"]
[Result "0-1"]
[WhiteElo "2371"]
[BlackElo "2405"]
[Annotator "NA"]
[PlyCount "72"]
[EventDate "2019.06.24"]
[EventType "schev"]
[EventCountry "TUR"]
[SourceTitle "playchess.com"]
[Source "ChessBase"]
[SourceQuality "1"]
[TimeControl "5400+30"]

1. c4 {[%emt 0:00:30]} Nf6 {[%emt 0:00:30]} 2. Nc3 {[%emt 0:02:30]} e5 {[%emt 0:01:30]} 3. g3 {[%emt 0:01:30]} Bb4 {[%emt 0:01:30]} 4. Bg2 {[%emt 0:00:30]} O-O {[%emt 0:00:00]} 5. e3 {[%emt 0:00:30]} c6 {[%emt 0:02:00]} 6. Nge2 {[%emt 0:03:30]} d5 {[%emt 0:00:30]} 7. cxd5 {[%emt 0:05:30]} cxd5 {[%emt 0:00:30]} 8. d4 {[%emt 0:00:30]} e4 {[%emt 0:01:30]} 9. Qb3 {[%emt 0:01:30]} Nc6 {[%emt 0:00:30]} 10. Bd2 {[%emt 0:01:30]} Be7 {[%emt 0:04:30]} 11. f3 {[%emt 0:05:30]} Na5 {[%emt 0:02:30]} 12. Qc2 {[%emt 0:02:30]} exf3 {[%emt 0:02:30]} 13. Bxf3 {[%emt 0:00:30]} Be6 {[%emt 0:00:30]} 14. Nf4 {[%emt 0:08:30]} Rc8 {[%emt 0:02:30]} 15. b3 {[%emt 0:05:30]} Nc6 {[%emt 0:00:30]} 16. O-O {[%emt 0:04:30]} Qd7 {[%emt 0:00:30]} 17. Qb2 {[%emt 0:09:30]} h6 {[%emt 0:02:30]} 18. Nxe6 {[%emt 0:03:30]} fxe6 {[%emt 0:00:30]} 19. Ne2 {[%emt 0:01:30]} Bd6 {[%emt 0:00:30]} 20. Bc3 {[%emt 0:02:30]} Rf7 {[%emt 0:04:30]} 21. Nf4 {[%emt 0:04:30]} Ne7 {[%emt 0:01:30]} 22. Rae1 {[%emt 0:07:30]} Rcf8 {[%emt 0:00:30]} 23. Qb1 {[%emt 0:07:30]} a6 {[%emt 0:06:30]} 24. e4 {[%emt 0:02:31]} Bxf4 {[%emt 0:01:30]} 25. gxf4 {[%emt 0:00:01]} dxe4 {[%emt 0:00:00]} 26. Bxe4 {[%emt 0:00:01]} Nxe4 {[%emt 0:00:00]} 27. Qxe4 {[%emt 0:00:17]} Nd5 {[%emt 0:00:30]} 28. Bd2 {[%emt 0:00:06]} Rf6 {[%emt 0:00:30]} 29. Rf3 {[%emt 0:05:18]} Qf7 {[%emt 0:01:30]} 30. Ref1 {[%emt 0:01:07]} Qg6+ {[%emt 0:03:30]} 31. Qxg6 {[%emt 0:00:00]} Rxg6+ {[%emt 0:00:00]} 32. Rg3 {[%emt 0:00:00]} Rxg3+ {[%emt 0:00:00]} 33. hxg3 {[%emt 0:00:00]} Rc8 {[%emt 0:00:30]} 34. Rc1 {[%emt 0:00:00]} Rxc1+ {[%emt 0:00:30]} 35. Bxc1 {[%emt 0:00:00]} Nc3 {[%emt 0:00:30]} 36. Bb2 {[%emt 0:00:19]} Nxa2 {[%emt 0:00:30]} 0-1

[Event "Mentese GM 2019"]
[Site "Mentese"]
[Date "2019.06.27"]
[Round "8.3"]
[White "Sevdimaliyev, Urfan"]
[Black "Atakisi, Umut"]
[Result "1/2-1/2"]
[WhiteElo "2362"]
[BlackElo "2388"]
[Annotator "NA"]
[PlyCount "29"]
[EventDate "2019.06.24"]
[EventType "schev"]
[EventCountry "TUR"]
[SourceTitle "playchess.com"]
[Source "ChessBase"]
[SourceQuality "1"]
[TimeControl "5400+30"]

1. e4 {[%emt 0:00:30]} c5 {[%emt 0:00:30]} 2. Nf3 {[%emt 0:00:00]} Nc6 {[%emt 0:00:00]} 3. d4 {[%emt 0:00:00]} cxd4 {[%emt 0:00:00]} 4. Nxd4 {[%emt 0:00:00]} Nf6 {[%emt 0:00:00]} 5. Nc3 {[%emt 0:00:00]} e6 {[%emt 0:00:00]} 6. Ndb5 {[%emt 0:00:00]} d6 {[%emt 0:00:30]} 7. Bf4 {[%emt 0:00:00]} e5 {[%emt 0:00:00]} 8. Bg5 {[%emt 0:00:30]} a6 {[%emt 0:00:00]} 9. Na3 {[%emt 0:00:00]} b5 {[%emt 0:00:30]} 10. Nd5 {[%emt 0:00:00]} Qa5+ {[%emt 0:01:30]} 11. Bd2 {[%emt 0:00:30]} Qd8 {[%emt 0:00:00]} 12. Bg5 {[%emt 0:00:30]} Qa5+ {[%emt 0:00:00]} 13. Bd2 {[%emt 0:00:00]} Qd8 {[%emt 0:00:30]} 14. Bg5 {[%emt 0:00:00]} Qa5+ {[%emt 0:00:30]} 15. Bd2 {[%emt 0:00:00]} 1/2-1/2

[Event "Mentese GM 2019"]
[Site "Mentese"]
[Date "2019.06.27"]
[Round "8.4"]
[White "Maghalashvili, Davit"]
[Black "Sibashvili, Giorgi"]
[Result "1/2-1/2"]
[WhiteElo "2500"]
[BlackElo "2368"]
[Annotator "ChessBase"]
[PlyCount "30"]
[EventDate "2019.06.24"]
[EventType "schev"]
[EventCountry "TUR"]
[SourceTitle "playchess.com"]
[Source "ChessBase"]
[SourceQuality "1"]
[TimeControl "5400+30"]

1. e4 {[%emt 0:00:30]} e5 {[%emt 0:00:30]} 2. Nf3 {[%emt 0:00:00]} Nc6 {[%emt 0:00:00]} 3. Bb5 {[%emt 0:00:00]} a6 {[%emt 0:00:00]} 4. Bxc6 {[%emt 0:00:00]} dxc6 {[%emt 0:00:00]} 5. O-O {[%emt 0:00:00]} Bg4 {[%emt 0:00:00]} 6. h3 {[%emt 0:00:30]} h5 {[%emt 0:00:30]} 7. c3 {[%emt 0:00:00]} Qd3 {[%emt 0:00:00]} 8. hxg4 {[%emt 0:00:00]} hxg4 {[%emt 0:00:00]} 9. Nxe5 {[%emt 0:00:00]} Bd6 {[%emt 0:00:00]} 10. Nxd3 {[%emt 0:00:00]} Bh2+ {[%emt 0:00:00]} 11. Kh1 {[%emt 0:00:00]} Bg3+ {[%emt 0:00:00]} 12. Kg1 {[%emt 0:00:00]} Bh2+ {[%emt 0:00:00]} 13. Kh1 {[%emt 0:00:30]} Bg3+ {[%emt 0:00:00]} 14. Kg1 {[%emt 0:00:00]} Bh2+ {[%emt 0:00:00]} 15. Kh1 {[%emt 0:00:00]} Bg3+ {[%emt 0:00:30]} 1/2-1/2

[Event "Mentese GM 2019"]
[Site "Mentese"]
[Date "2019.06.27"]
[Round "8.5"]
[White "Bagaturov, Giorgi"]
[Black "Alumert, Orkun Efe"]
[Result "1/2-1/2"]
[WhiteElo "2422"]
[BlackElo "2008"]
[Annotator "NA"]
[PlyCount "24"]
[EventDate "2019.06.24"]
[EventType "schev"]
[EventCountry "TUR"]
[SourceTitle "playchess.com"]
[Source "ChessBase"]
[SourceQuality "1"]
[TimeControl "5400+30"]

1. d4 {[%emt 0:00:30]} d5 {[%emt 0:00:30]} 2. c4 {[%emt 0:00:00]} c6 {[%emt 0:00:00]} 3. Nf3 {[%emt 0:00:00]} Nf6 {[%emt 0:00:00]} 4. Qc2 {[%emt 0:00:30]} e6 {[%emt 0:00:00]} 5. g3 {[%emt 0:00:30]} Be7 {[%emt 0:00:00]} 6. Bg2 {[%emt 0:02:30]} O-O {[%emt 0:00:30]} 7. O-O {[%emt 0:00:30]} Nbd7 {[%emt 0:00:30]} 8. Bf4 {[%emt 0:00:30]} Nh5 {[%emt 0:00:00]} 9. Bc1 {[%emt 0:00:30]} Nhf6 {[%emt 0:00:00]} 10. Bf4 {[%emt 0:00:30]} Nh5 {[%emt 0:00:00]} 11. Bc1 {[%emt 0:00:00]} Nhf6 {[%emt 0:00:00]} 12. Bf4 {[%emt 0:01:00]} Nh5 {[%emt 0:00:30]} 1/2-1/2

[Event "Mentese GM 2019"]
[Site "Mentese"]
[Date "2019.06.28"]
[Round "9.1"]
[White "Annaberdiev, Meilis"]
[Black "Simantsev, Mikhail"]
[Result "1-0"]
[WhiteElo "2532"]
[BlackElo "2371"]
[Annotator "ChessBase"]
[PlyCount "115"]
[EventDate "2019.06.24"]
[EventType "schev"]
[EventCountry "TUR"]
[SourceTitle "playchess.com"]
[Source "ChessBase"]
[SourceQuality "1"]
[TimeControl "5400+30"]

1. e4 {[%emt 0:00:30]} e5 {[%emt 0:00:30]} 2. Nf3 {[%emt 0:00:00]} Nc6 {[%emt 0:00:30]} 3. Bb5 {[%emt 0:01:00]} a6 {[%emt 0:00:30]} 4. Bxc6 {[%emt 0:00:30]} dxc6 {[%emt 0:00:00]} 5. O-O {[%emt 0:00:30]} Bg4 {[%emt 0:00:00]} 6. h3 {[%emt 0:00:00]} h5 {[%emt 0:00:00]} 7. d3 {[%emt 0:00:00]} Qf6 {[%emt 0:00:00]} 8. Be3 {[%emt 0:00:30]} Bxf3 {[%emt 0:00:30]} 9. Qxf3 {[%emt 0:00:00]} Qxf3 {[%emt 0:00:00]} 10. gxf3 {[%emt 0:00:00]} Bd6 {[%emt 0:00:00]} 11. Nd2 {[%emt 0:00:30]} Ne7 {[%emt 0:00:00]} 12. Rfd1 {[%emt 0:00:30]} Ng6 {[%emt 0:05:00]} 13. Kf1 {[%emt 0:00:30]} Nf8 {[%emt 0:01:30]} 14. Nb3 {[%emt 0:11:30]} Ne6 {[%emt 0:09:30]} 15. d4 {[%emt 0:00:00]} exd4 {[%emt 0:16:30]} 16. Nxd4 {[%emt 0:00:00]} Nxd4 {[%emt 0:00:30]} 17. Bxd4 {[%emt 0:00:30]} f6 {[%emt 0:00:30]} 18. Ke2 {[%emt 0:02:30]} Kf7 {[%emt 0:03:30]} 19. Ke3 {[%emt 0:01:30]} g5 {[%emt 0:03:30]} 20. h4 {[%emt 0:00:30]} Bf4+ {[%emt 0:12:30]} 21. Ke2 {[%emt 0:00:00]} g4 {[%emt 0:00:30]} 22. Be3 {[%emt 0:01:00]} gxf3+ {[%emt 0:00:30]} 23. Kxf3 {[%emt 0:00:00]} Bd6 {[%emt 0:04:30]} 24. c4 {[%emt 0:20:00]} Ke6 {[%emt 0:07:30]} 25. c5 {[%emt 0:13:30]} Be7 {[%emt 0:05:30]} 26. Rac1 {[%emt 0:04:30]} Rhg8 {[%emt 0:04:30]} 27. Bf4 {[%emt 0:01:30]} Rg4 {[%emt 0:02:30]} 28. Bxc7 {[%emt 0:04:30]} Rxh4 {[%emt 0:01:30]} 29. Bd6 {[%emt 0:00:00]} Rd8 {[%emt 0:00:30]} 30. Bxe7 {[%emt 0:00:00]} Rxd1 {[%emt 0:00:30]} 31. Rxd1 {[%emt 0:00:00]} Kxe7 {[%emt 0:00:00]} 32. Rg1 {[%emt 0:06:00]} Kf7 {[%emt 0:00:00]} 33. Ke3 {[%emt 0:00:30]} f5 {[%emt 0:02:30]} 34. exf5 {[%emt 0:00:00]} Kf6 {[%emt 0:01:50]} 35. Rg8 {[%emt 0:10:00]} Kxf5 {[%emt 0:03:00]} 36. Rf8+ {[%emt 0:00:30]} Ke6 {[%emt 0:00:37]} 37. Rh8 {[%emt 0:02:30]} Kd5 {[%emt 0:01:17]} 38. Rh7 {[%emt 0:00:00]} Kxc5 {[%emt 0:03:20]} 39. Rxb7 {[%emt 0:00:00]} Rh1 {[%emt 0:00:04]} 40. Kf3 {[%emt 0:00:30]} h4 {[%emt 0:02:47]} 41. Kg2 {[%emt 0:00:30]} Ra1 {[%emt 0:03:30]} 42. a3 {[%emt 0:00:30]} a5 {[%emt 0:00:44]} 43. Ra7 {[%emt 0:00:30]} Kb6 {[%emt 0:04:30]} 44. Rd7 {[%emt 0:00:00]} Rc1 {[%emt 0:01:41]} 45. Rd2 {[%emt 0:00:00]} Rc4 {[%emt 0:00:51]} 46. Kf3 {[%emt 0:00:30]} Kc5 {[%emt 0:00:31]} 47. Ke3 {[%emt 0:02:30]} Rg4 {[%emt 0:00:01]} 48. f3 {[%emt 0:00:30]} Rg8 {[%emt 0:01:18]} 49. Rh2 {[%emt 0:00:30]} Rh8 {[%emt 0:01:21]} 50. Ke4 {[%emt 0:01:30]} Kc4 {[%emt 0:00:22]} 51. f4 {[%emt 0:00:00]} Kb3 {[%emt 0:00:22]} 52. f5 {[%emt 0:00:00]} c5 {[%emt 0:01:01]} 53. f6 {[%emt 0:00:30]} c4 {[%emt 0:00:39]} 54. Kd5 {[%emt 0:00:30]} c3 {[%emt 0:00:59]} 55. bxc3 {[%emt 0:00:00]} Kxa3 {[%emt 0:00:07]} 56. f7 {[%emt 0:00:00]} Kb3 {[%emt 0:01:04]} 57. Rxh4 {[%emt 0:00:00]} Rf8 {[%emt 0:00:07]} 58. Ke4 {[%emt 0:01:00]} 1-0

[Event "Mentese GM 2019"]
[Site "Mentese"]
[Date "2019.06.28"]
[Round "9.2"]
[White "Ozen, Deniz"]
[Black "Sevdimaliyev, Urfan"]
[Result "1-0"]
[WhiteElo "2405"]
[BlackElo "2362"]
[Annotator "TA"]
[PlyCount "59"]
[EventDate "2019.06.24"]
[EventType "schev"]
[EventCountry "TUR"]
[SourceTitle "playchess.com"]
[Source "ChessBase"]
[SourceQuality "1"]

{[%evp 15,59,39,39,52,53,37,29,9,37,38,30,28,44,37,39,21,68,69,93,62,69,63,176,165,210,214,240,254,206,101,89,104,194,-2,262,263,270,245,281,281,545,525,483,420,406,401]} 1. e4 c6 2. d4 d5 3. Nc3 dxe4 4. Nxe4 Nf6 5. Nxf6+ gxf6 6. c3 Bf5 7. Ne2 Nd7 8. Ng3 Bg6 9. Be2 {B16: Caro-Kann: Bronstein-Larsen Variation} (9. h4 h5 10. Be2 Qa5 11. a4 O-O-O 12. b4 Qc7 13. a5 e5 14. a6 b5 15. O-O f5 16. f4 e4 17. c4 bxc4 18. Bxc4 Nb6 19. Ba2 Bxb4 {½-½ (34) Barnsley,A (2564)-Dolgov,I (2507) ICCF email 2006}) 9... Qc7 10. O-O O-O-O 11. Be3 $146 {White has an edge.} ({Predecessor:} 11. Nh5 e5 12. Be3 Kb8 13. Qb3 Be7 14. a4 Rhg8 15. Rfc1 Qa5 16. Ng3 Nb6 {1-0 (44) Micklethwaite,M-Ryan,J England 1990}) 11... e6 12. Nh5 Bd6 13. g3 f5 14. Nf4 Nf6 15. Qa4 a6 16. c4 $1 h5 17. c5 Be7 18. Bc4 Nd5 ({Black should try} 18... e5 $14) 19. Bxd5 $18 exd5 20. Nd3 $1 {Black must now prevent Bf4.} Bf6 21. Bf4 Qd7 {[#]} 22. Qb4 (22. b4 $1 $18 {is more deadly.}) 22... Rde8 $16 23. Qb6 {Qa7 is the strong threat.} Re4 (23... Bxd4 $16 24. Rfe1 (24. Qa7 Kd8 $16) 24... f6) 24. Bd6 $2 $40 {[%mdl 128] White mounts an attack.} (24. Rfe1 $18) 24... Re6 $2 {[%mdl 8192] [#]} (24... Bxd4 $11 25. Bf4 (25. Qa7 $2 Qxd6 {[%mdl 64] Pin} 26. Qxb7+ Kxb7 $19) 25... h4) 25. Qa7 $1 $18 {[%csl Gd6][%cal Ra7b8]} Kd8 26. Nf4 Re4 27. Rad1 {Hoping for Rd3.} Bxd4 $2 {[#]} (27... Bg5 28. Rd3 (28. Nh3 f6 $18) 28... Bxf4) 28. Rxd4 $1 {[%mdl 512]} Rxd4 29. Nxg6 fxg6 30. Be5 {[%mdl 64] Double Attack. Accuracy: White = 64%, Black = 32%.} 1-0